History Quiz

Random History or Clickable Quiz

April 4 Quiz Stats

Quiz not verified by Sporcle

Challenge
Share
Tweet
Score 0/19 Timer 08:00
0 Plays Today
% Correct
Susanna M. Salter
81.3%
Martin Luther King Jr
81.3%
Francis Drake
75%
Alexander II of Russia
68.8%
The Kennel Club
68.8%
Dr. Denton Cooley
68.8%
William Henry Harrison
62.5%
Schutzstaffel
62.5%
Kangra Valley
56.3%
Napoleon
50%
% Correct
King Wareru
43.8%
Los Angeles
31.3%
Operation Babylift
31.3%
Declaration of Breda
18.8%
Bryant's Minstrels
18.8%
British Royal Navy
18.8%
Philip Astley
6.3%
Georges Cuvier
6.3%
John Heinz
6.3%

You're not logged in!

Compare scores with friends on all Sporcle quizzes.
Sign Up with Email
OR
Log In

You Might Also Like...

Show Comments

Extras

Top Quizzes Today


Score Distribution

Your Account Isn't Verified!

In order to create a playlist on Sporcle, you need to verify the email address you used during registration. Go to your Sporcle Settings to finish the process.